000
00217 a2200097 4500
001
25472
100
_a
Mann A L & Vivian A C
245
_a
Famous physicists
260
_a
_b
Museuum Press Ltd
_c
090
_c
17196
_d
17196
942
_a
NUST-CAE
_c
M
_c
7998
999
_c
260545
_d
260545